| 000 | 01026nam a22002777a 4500 | ||
|---|---|---|---|
| 003 | dpl | ||
| 005 | 20180910131830.0 | ||
| 008 | 180910b xxu||||| |||| 00| 0 eng d | ||
| 010 | _aA-514905 | ||
| 020 | _c55.00 | ||
| 035 | _aA-514905, A-514917 | ||
| 037 | _bCen Lib/Ret | ||
| 040 |
_aDPL _bHN _c0 |
||
| 082 |
_aउ _bमटिया |
||
| 100 |
_aमटियान, शैलेश _954432 |
||
| 245 |
_aगोपुली गफूरन / _cशैलेश मटियानी |
||
| 246 |
_aGopuli gaphuran / _bby Shailesh Matiyani |
||
| 260 |
_bविभा प्रकाशन _aइलाहाबाद _c1990 |
||
| 270 |
_bइलाहाबाद _a50, चाह्च्नद |
||
| 300 |
_a204पृ. _c16सेमी(सजिल्द ) |
||
| 650 |
_a हिंदी साहित्य _x _z _954433 |
||
| 650 |
_a हिंदी उपन्यास _954434 |
||
| 650 |
_aHindi literature _954435 |
||
| 650 |
_aHindi fiction _927248 |
||
| 942 |
_2ddc _cHN _hउ _mमटिया |
||
| 999 |
_c113919 _d113919 |
||